Alimentos funcionales

Son aquellos que, adems̀ de destacar por sus propiedades nutritivas, contienen cieros elementos, cuyo consumo diario, dentro de una dieta equilibrada, contribuyen a mantener o mejorar nuestro estado de salud y bienestar.

Furkejuvvon:
Bibliográfalaš dieđut
Eará dahkkit: Eroski Consumer
Materiálatiipa: Girji
Giella:espánnjágiella
Fáttát:
Liŋkkat:Alimentos funcionales
Fáddágilkorat: Lasit fáddágilkoriid
Eai fáddágilkorat, Lasit vuosttaš fáddágilkora!

MARC

LEADER 00000nam a22000004a 4500
001 vpro6331
005 20201223000000.0
008 130801s2013 ck # g## #001 0#spa#d
020
022
040 |a CO-BoINGC 
041 0 |a spa 
245 1 0 |a Alimentos funcionales 
246 |a Functional Foods 
264 |a Bogot ̀(Colombia) :  |b Revista VirtualPRO,  |c 2013 
520 3 |a Son aquellos que, adems̀ de destacar por sus propiedades nutritivas, contienen cieros elementos, cuyo consumo diario, dentro de una dieta equilibrada, contribuyen a mantener o mejorar nuestro estado de salud y bienestar. 
650 \ \
650 \ \
650 \ \ |a alimentos funcionales 
650 \ \ |a Functional Foods  
700 \ \ |a Eroski Consumer 
856 |z Alimentos funcionales  |u https://virtualpro.unach.elogim.com/biblioteca/alimentos-funcionales